| 000 | 00622nam a22002057a 4500 | ||
|---|---|---|---|
| 008 | 110428s2006 ii|||||r|||| 001 0 eng d | ||
| 020 | _a8123912439 | ||
| 020 | _a9788123912431 | ||
| 082 |
_222 _a690.24 _bGAH |
||
| 100 |
_923465 _aGahlot, P. S. |
||
| 245 |
_aBuilding Repair and Maintenance Management / _cP. S. Gahlot, Sanjay Sharma |
||
| 260 |
_aNew Delhi : _bCBS Pub., 2006 _c2006 |
||
| 300 |
_a405 p. : _bill. ; _c24 cm. |
||
| 500 | _aIncludes index | ||
| 650 |
_923467 _aBuilding _xRepair and reconstruction _2BUEsh |
||
| 651 | _2BUEsh | ||
| 653 | _cApril2011 | ||
| 700 | 1 |
_aSharma, Sanjay. _938539 |
|
| 942 |
_2ddc _cBB |
||
| 999 |
_c15213 _d15213 |
||